Loading...
| Current Events | 1 | 30.00 | 100% | 100% | 100% |
| Fine Arts - Auditory Fine Arts | 2 | 15.00 | 100% | 50% | 0% |
| Fine Arts - Other Fine Arts | 6 | 15.00 | 100% | 17% | 33% |
| Fine Arts - Visual Fine Arts | 2 | 10.00 | 100% | 0% | 0% |
| Geography | 1 | 20.00 | 100% | 0% | 100% |
| History - American History | 3 | 16.67 | 100% | 67% | 0% |
| History - European History | 5 | 12.00 | 100% | 20% | 0% |
| History - Other History | 5 | 12.00 | 100% | 20% | 0% |
| History - World History | 4 | 12.50 | 75% | 25% | 25% |
| Literature - American Literature | 6 | 13.33 | 100% | 17% | 17% |
| Literature - British Literature | 4 | 17.50 | 100% | 75% | 0% |
| Literature - European Literature | 4 | 10.00 | 100% | 0% | 0% |
| Literature - World Literature | 4 | 15.00 | 100% | 25% | 25% |
| Mythology | 2 | 15.00 | 100% | 50% | 0% |
| Other Academic | 1 | 10.00 | 100% | 0% | 0% |
| Philosophy | 3 | 6.67 | 67% | 0% | 0% |
| Religion | 3 | 10.00 | 67% | 33% | 0% |
| Science - Biology | 7 | 24.29 | 86% | 100% | 57% |
| Science - Chemistry | 7 | 12.86 | 86% | 43% | 0% |
| Science - Other Science | 3 | 10.00 | 100% | 0% | 0% |
| Science - Physics | 5 | 16.00 | 100% | 20% | 40% |
| Social Science | 6 | 11.67 | 83% | 33% | 0% |